000 00687nam a2200265Ia 4500
005 20260302115042.0
008 008 260114s9999 xx 000 0 eng d
020 _a9781474216142
037 _aTextbook
040 _aCRL
040 _beng
040 _cCRL
041 _2eng
041 _aeng
084 _qCRL
100 _aCarolyn E. Brown
_91120552
245 0 _aShakespeare and Psychoanalytic Theory
260 _bBloomsbury
260 _bThe Arden Shakespeare
260 _c2015
650 _aLiterary Studies
856 _uhttps://dx.doi.org/10.5040/9781474216142?locatt=label:secondary_bloomsburyCollections
942 _cEBOOK
999 _c1684781
_d1684781